The Physiology of the Joints: the spinal column, pelvin girdle and head (Record no. 4404)

MARC details
000 -LEADER
fixed length control field 00620nam a22002177a 4500
003 - CONTROL NUMBER IDENTIFIER
control field OSt
005 - DATE AND TIME OF LATEST TRANSACTION
control field 20160617144532.0
008 - FIXED-LENGTH DATA ELEMENTS--GENERAL INFORMATION
fixed length control field 160617b xxu||||| |||| 00| 0 eng d
020 ## - INTERNATIONAL STANDARD BOOK NUMBER
International Standard Book Number 9780702029592
040 ## - CATALOGING SOURCE
Transcribing agency DNLM
082 ## - DEWEY DECIMAL CLASSIFICATION NUMBER
Classification number WE312 K141p 2006
100 ## - MAIN ENTRY--PERSONAL NAME
Personal name Kapandji, A. I.
9 (RLIN) 9474
245 ## - TITLE STATEMENT
Title The Physiology of the Joints: the spinal column, pelvin girdle and head
250 ## - EDITION STATEMENT
Edition statement 6th ed. Vol.3
260 ## - PUBLICATION, DISTRIBUTION, ETC. (IMPRINT)
Place of publication, distribution, etc. Edinburgh; Churchill, 2006
300 ## - PHYSICAL DESCRIPTION
Extent xi,335p; col.ill: 28cm
504 ## - BIBLIOGRAPHY, ETC. NOTE
Bibliography, etc Bibliograpy, & index included
650 ## - SUBJECT ADDED ENTRY--TOPICAL TERM
Topical term or geographic name as entry element Physiology
9 (RLIN) 215
650 ## - SUBJECT ADDED ENTRY--TOPICAL TERM
Topical term or geographic name as entry element Spine, pelvic, head
9 (RLIN) 9475
942 ## - ADDED ENTRY ELEMENTS (KOHA)
Source of classification or shelving scheme Other/Generic Classification Scheme
Koha item type Open Shelf
Holdings
Withdrawn status Lost status Source of classification or shelving scheme Damaged status Not for loan Home library Current library Date acquired Source of acquisition Inventory number Total Checkouts Full call number Barcode Date last seen Koha item type
    Other/Generic Classification Scheme     MUST Main Library MUST Main Library 17/06/2016   10/32479   WE312 K141p 2006 2016-2579 17/06/2016 Open Shelf